000 00428nab a2200145Ia 4500
003 ES-SlBCS
005 20210601131726.0
008 140529s1953 xxu||||| |||| 00| 0 fre d
041 _afre
100 1 _aDelavignette, Robert
_936169
245 0 0 _aLe Président Vincent Auriol
_c Robert Delavignette
600 1 4 _aAuriol, Vincent
_9188332
773 0 _tVie Intelectuelle (La)
_gnº. 12, 1953, págs. 110-112
_wRev907
942 _cAR
999 _c567700
_d567700